LEADER 03035nam 2200409 450 001 9910420936003321 005 20230621140817.0 010 $a989-26-1944-7 035 $a(CKB)4100000011515763 035 $a(oapen)https://directory.doabooks.org/handle/20.500.12854/45342 035 $a(EXLCZ)994100000011515763 100 $a20201027c2020uuuu uu 0 101 0 $apor 135 $auubu#---uu|uu 181 $ctxt$2rdacontent 182 $cn$2rdamedia 183 $anc$2rdacarrier 200 00$aDo tratamento à organização da informação $ereflexões sobre concepções, perspectivas e tendências /$fMaria da Graça Simões, Gercina Ângela de Lima [editors] 210 $cCoimbra University Press$d2020 210 1$aPortugal :$cCoimbra University Press,$d2020 215 $a1 online resource (302 pages) $cillustrations; digital, PDF file(s) 225 1 $aInvestigação 311 08$aPrint version: 9789892619439 320 $aIncludes bibliographical references. 330 $aThis work presents a theoretical and historical reflection on the classical notions of information treatment and information organization, based on the epistemological sphere of knowledge organization. It consists of eight chapters that discuss (1) the terminological variations produced in Brazilian and Portuguese Science and Teaching, (2) the discussion of theoretical and conceptual aspects of information organization and representation and their correlation with the practical aspects that involve digital informational environments; (3) the conceptual design inherent to the representation of information made from the discussion of cataloging as a confluence of descriptive, thematic, contextual and access to information aspects so that the interconnection between them is assured; (4) the different theoretical and methodological perspectives on domain modeling applied to the elaboration of information representation and retrieval tools, in the context of electronic information and communication networks; (5) the identification and exploitation of aspects of terminological variation in scientific production on Information Organization relating to the terms Documentary Analysis and Subject Analysis; (6) information resource representation applications, contexts and processes where innovations derived from computer science, artificial intelligence, natural language processing, and new database platforms have transformed the context of data production. documents, knowledge organization systems, semantic exploration and visualization methods. 610 $aInformation Processing 610 $aOrganization of information 610 $aHistory of Knowledge Organization 610 $aKnowledge Organization 700 $aMaria da Graça Simões$4auth$01366016 702 $aSimões$b Maria da Graça 702 $aLima$b Gercina Ângela de 801 2$bUkMaJRU 906 $aBOOK 912 $a9910420936003321 996 $aDo tratamento à organização da informação$93388463 997 $aUNINA LEADER 02872nas 2200913-a 450 001 996218519703316 005 20230404213020.0 011 $a1097-0320 035 $a(DE-599)ZDB2180639-1 035 $a(OCoLC)38168053 035 $a(CKB)954925491889 035 $a(CONSER)sn-97001412- 035 $a(EXLCZ)99954925491889 100 $a19980108b19802002 s-- a 101 0 $aeng 135 $aurcnu|||||||| 181 $ctxt$2rdacontent 182 $cc$2rdamedia 183 $acr$2rdacarrier 200 10$aCytometry 210 $a[New York, NY] $cWiley-Liss, Inc.$d©1980-©2002 215 $a1 online resource 300 $aTitle from table of contents screen (Wiley InterScience; viewed: 8/10/2006). 311 $a0196-4763 517 1 $aCytometry. 531 0 $aCytometry 606 $aFlow cytometry$vPeriodicals 606 $aImaging systems in biology$vPeriodicals 606 $aImaging systems in medicine$vPeriodicals 606 $aDiagnostic imaging$vPeriodicals 606 $aCytology 606 $aFlow cytometry 606 $aCell Biology 606 $aFlow Cytometry 606 $aCytométrie de flux$vPériodiques 606 $aImagerie en biologie$vPériodiques 606 $aImagerie médicale$vPériodiques 606 $aImagerie pour le diagnostic$vPériodiques 606 $aCytologie 606 $aCytométrie de flux 606 $aCytology$2fast$3(OCoLC)fst00886282 606 $aDiagnostic imaging$2fast$3(OCoLC)fst00892354 606 $aFlow cytometry$2fast$3(OCoLC)fst00927770 606 $aImaging systems in biology$2fast$3(OCoLC)fst00967624 606 $aImaging systems in medicine$2fast$3(OCoLC)fst00967628 606 $aCytometrie$2gtt 608 $aPeriodical 608 $aperiodicals.$2aat 608 $aPeriodicals.$2fast 608 $aPeriodicals.$2lcgft 608 $aPériodiques.$2rvmgf 615 0$aFlow cytometry 615 0$aImaging systems in biology 615 0$aImaging systems in medicine 615 0$aDiagnostic imaging 615 0$aCytology. 615 0$aFlow cytometry. 615 2$aCell Biology 615 2$aFlow Cytometry 615 6$aCytométrie de flux 615 6$aImagerie en biologie 615 6$aImagerie médicale 615 6$aImagerie pour le diagnostic 615 6$aCytologie. 615 6$aCytométrie de flux. 615 7$aCytology. 615 7$aDiagnostic imaging. 615 7$aFlow cytometry. 615 7$aImaging systems in biology. 615 7$aImaging systems in medicine. 615 7$aCytometrie. 676 $a571.6 712 02$aSociety for Analytical Cytology (U.S.), 712 02$aInternational Society for Analytical Cytology, 712 02$aClinical Cytometry Society, 906 $aJOURNAL 912 $a996218519703316 996 $aCytometry$983498 997 $aUNISA